Gazi Mustafa Kemal Atatürk/ (Record no. 14308)

MARC details
000 -BAŞLIK
Sabit Uzunlukta Kontrol Alanı 00764nam a22002177a 4500
999 ## - SİSTEM KONTROL NUMARALARI (KOHA)
Koha Biblionumber 14308
Koha Biblioitemnumber 14308
003 - KONTROL NUMARASI IDENTIFIER
Denetim Alanı MIRAKIL
005 - SON İŞLEM TARİHİ VE ZAMANI
Denetim Alanı 20201223124542.0
008 - SABİT-BOY VERİ ELEMANLARI - GENEL BİLGİLER
Sabit Uzunlukta Kontrol Alanı 201223b tu ||||| |||| 00| 0 tur d
040 ## - KATALOGLAMA KAYNAK
Orijinal Kataloglama Ajansı TR-AnCHP
Metne Dönüştürmek Ajansı TR-AnCHP
041 ## - DİL KODU
Metin / Ses Parça Veya Ayrı Başlığın Dil Kodu TUR
082 ## - DEWEY ONLU SINIFLANDIRMA NUMARASI
Sınıflandırma Numarası ATA 811.42
Ürün Numarası D23g 1973
100 ## - ANA GİRİŞ - KİŞİSEL İSİM
Kişisel Ad Dağlarca, Fazıl Hüsnü
245 ## - BAŞLIK TABLOSU
Başlık Gazi Mustafa Kemal Atatürk/
Sorumluluk Tablosu, Vb Fazıl Hüsnü Dağlarca.
260 ## - YAYIN, DAĞITIM, VB
Yayın, Dağıtım, Vb Yeri Ankara:
Yayıncı, Dağıtıcı, Vs Adı Türk Dil Kurumu,
Yayın, Dağıtım, Vb Tarihi 1973.
300 ## - FİZİKSEL TANIM
Kapsam 213 + 38 + 85 s. ;
Boyutlar 19 sm.
490 ## - SERİSİ TABLOSU
Seri Beyanı Türk Dil Kurumu Yayınları;
-- Atatürk Dizisi;
Hacim / Ardışık Tanımı 378.
-- 12.
501 ## - NOT İLE
Not İle O,19 Mayıs destanı, Anıtkabir.
600 14 - KONU KATMA GİRİŞ - KURUMSAL ADI
9 (RLIN) 1465
Kişisel Ad Atatürk, Gazi Mustafa Kemal
Başlıklar Ve Bir Adla İlişkili Diğer Kelimeler Türkiye Cumhuriyeti Cumhurbaşkanı
Bir Adıyla İlişkilendirilen Tarihler 1881-1938
Genel Alt Bölümü Şiirler
650 #0 - KONU KATMA GİRİŞ - TOPİKAL DÖNEM
9 (RLIN) 19
Topikal Süreli Veya Coğrafi Ad Giriş Elemanı Türk edebiyatı
Genel Alt Bölümü Şiirler
942 ## - EKLENDİ GİRİŞ ELEMANLARI (KOHA)
Sınıflandırma Veya Raf Düzeni Kaynak Dewey Decimal Classification
Koha Öğesi Türü Books
Holdings
Kalıcı Konum Mevcut Konum Edinme Tarihi Toplam Check-Out'Lar Tam Çağrı Numarası Barkod Tarih Son Görülme İtibaren Geçerli Fiyatlar Koha Öğesi Türü
CHP Kütüphanesi CHP Kütüphanesi 12/23/2020   ATA 811.42 D23g 1973 006965 12/23/2020 12/23/2020 Books